[Event "U-2000 mot TR 2016"]
[Site "Reykjavik"]
[Date "2016.11.09"]
[Round "3"]
[White "Baldursson, Haraldur"]
[Black "Thorsteinsson, Hilmar"]
[Result "1-0"]
[WhiteElo "1957"]
[BlackElo "1800"]
[PlyCount "57"]
[EventDate "2016.10.26"]
[EventType "swiss"]
[EventRounds "7"]
[EventCountry "ISL"]

1. d4 Nf6 2. Nf3 g6 3. Bg5 Bg7 4. Nbd2 O-O 5. e4 d5 6. e5 Ne4 7. Be3 f6 8. Nxe4
dxe4 9. Bc4+ Kh8 10. Nd2 fxe5 11. d5 b5 12. Bb3 Bb7 13. Nxe4 e6 14. Nc5 Bxd5
15. Nxe6 Bxe6 16. Bxe6 Qe7 17. Qg4 Re8 18. Bb3 Nd7 19. O-O c5 20. c4 a6 21. Bg5
Bf6 22. Rad1 Bxg5 23. Rxd7 Qf6 24. cxb5 axb5 25. Rf7 Qd8 26. Rd1 h5 27. Rdd7
Re7 28. Qxg5 Rxf7 29. Rxd8+ 1-0

[Event "U-2000 mot TR 2016"]
[Site "Reykjavik"]
[Date "2016.11.09"]
[Round "3"]
[White "Kolka, Dawid"]
[Black "Magnusdottir, Veronika Steinun"]
[Result "1-0"]
[WhiteElo "1907"]
[BlackElo "1778"]
[PlyCount "71"]
[EventDate "2016.10.26"]
[EventType "swiss"]
[EventRounds "7"]
[EventCountry "ISL"]

1. e4 c5 2. Nf3 e6 3. c3 Nf6 4. e5 Nd5 5. d4 cxd4 6. cxd4 d6 7. Bc4 Nc6 8. Bg5
Qc7 9. Bxd5 exd5 10. exd6 Bxd6 11. Nc3 Be6 12. O-O a6 13. Rc1 O-O 14. Re1 Qd7
15. Na4 Rae8 16. Ne5 Nxe5 17. dxe5 Bb4 18. Re2 Bg4 19. f3 Bf5 20. a3 Ba5 21.
Rc5 b5 22. Rxd5 Qc7 23. b4 Bxb4 24. axb4 bxa4 25. Qxa4 Qc4 26. Red2 f6 27. exf6
Re1+ 28. Kf2 Rf1+ 29. Kg3 Qc7+ 30. Bf4 Qc8 31. Qa5 Be6 32. Rd8 Qc3 33. Rxf8+
Kxf8 34. Qd8+ Kf7 35. Qe7+ Kg6 36. Qxg7+ 1-0

[Event "U-2000 mot TR 2016"]
[Site "Reykjavik"]
[Date "2016.11.09"]
[Round "3"]
[White "Briem, Hedinn"]
[Black "Ingvarsson, Kjartan"]
[Result "0-1"]
[WhiteElo "1588"]
[BlackElo "1822"]
[PlyCount "62"]
[EventDate "2016.10.26"]
[EventType "swiss"]
[EventRounds "7"]
[EventCountry "ISL"]

1. d4 Nf6 2. Bg5 g6 3. Nf3 Bg7 4. c4 d6 5. Nc3 O-O 6. e3 Nbd7 7. Bd3 e5 8. O-O
h6 9. Bxf6 Bxf6 10. b4 Bg7 11. Qb3 Kh8 12. Rfe1 c6 13. Rac1 Nb6 14. d5 Bg4 15.
Be2 Qe7 16. Nxe5 Bxe2 17. Nxg6+ fxg6 18. Nxe2 Qf7 19. Nf4 cxd5 20. cxd5 Rac8
21. Qd3 Kh7 22. Rxc8 Rxc8 23. Ne6 Nd7 24. e4 Qf6 25. Qh3 Rc2 26. f4 Qb2 27. f5
Bd4+ 28. Kh1 Rc1 29. Ng5+ Kg7 30. Nf3 Rxe1+ 31. Nxe1 Qf2 0-1

[Event "U-2000 mot TR 2016"]
[Site "Reykjavik"]
[Date "2016.11.09"]
[Round "3"]
[White "Lemery, Jon Thor"]
[Black "Fivelstad, Jon Olav"]
[Result "0-1"]
[WhiteElo "1591"]
[BlackElo "1918"]
[PlyCount "79"]
[EventDate "2016.10.26"]
[EventType "swiss"]
[EventRounds "7"]
[EventCountry "ISL"]

1. e4 c5 2. Nf3 d6 3. d4 cxd4 4. Nxd4 Nf6 5. Nc3 a6 6. Bg5 b5 7. Bxf6 gxf6 8.
Qf3 Ra7 9. O-O-O h5 10. h3 e6 11. Kb1 Be7 12. Bd3 Bd7 13. Qg3 Kf8 14. f4 Qb6
15. Nce2 a5 16. f5 e5 17. Nf3 Bc6 18. Nc3 a4 19. Nd5 Bxd5 20. exd5 a3 21. b3
Na6 22. Qe1 Bd8 23. Rf1 Qc5 24. Qe2 Nb4 25. Be4 Bb6 26. c3 Na6 27. Qd3 Nc7 28.
b4 Qe3 29. Qxe3 Bxe3 30. Kc2 Rg8 31. Ne1 Bf4 32. Rf3 Ke7 33. Rdd3 h4 34. Rd1
Kd7 35. Rdd3 Kc8 36. Rd1 Kb7 37. Rdd3 Na8 38. Rd1 Nb6 39. Rdd3 Bg3 40. Rd2 0-1

[Event "U-2000 mot TR 2016"]
[Site "Reykjavik"]
[Date "2016.11.09"]
[Round "3"]
[White "Vignisson, Ingvar Egill"]
[Black "Gunnarsson, Helgi Petur"]
[Result "1-0"]
[WhiteElo "1554"]
[BlackElo "1801"]
[PlyCount "75"]
[EventDate "2016.10.26"]
[EventType "swiss"]
[EventRounds "7"]
[EventCountry "ISL"]

1. d4 f5 2. Nc3 d5 3. Bg5 Nf6 4. Bxf6 exf6 5. e3 Be6 6. Bd3 c6 7. Qf3 g6 8. a3
Nd7 9. h4 h5 10. Nge2 Bd6 11. Nf4 Bf7 12. O-O-O b5 13. Nce2 a5 14. c3 b4 15. a4
Rb8 16. Kc2 Nb6 17. Ra1 Qc7 18. g3 Kd7 19. Qg2 Qb7 20. cxb4 Bxb4 21. b3 Rhc8
22. Rhc1 Bd6 23. Kd1 Bb4 24. Qh3 c5 25. dxc5 Rxc5 26. Nd4 Rbc8 27. Bb5+ Ke7 28.
Nd3 Rxc1+ 29. Rxc1 Rxc1+ 30. Kxc1 Ba3+ 31. Kd2 Be8 32. Qf1 Qc7 33. Bxe8 Kxe8
34. Nb5 Qe7 35. Qb1 Bb4+ 36. Ke2 Kf8 37. Nf4 Bc5 38. Nxg6+ 1-0

[Event "U-2000 mot TR 2016"]
[Site "Reykjavik"]
[Date "2016.11.09"]
[Round "3"]
[White "Haraldsson, Oskar"]
[Black "Briem, Stephan"]
[Result "1/2-1/2"]
[WhiteElo "1732"]
[BlackElo "1594"]
[PlyCount "61"]
[EventDate "2016.10.26"]
[EventType "swiss"]
[EventRounds "7"]
[EventCountry "ISL"]

1. e4 c5 2. Nf3 d6 3. d4 cxd4 4. Nxd4 Nf6 5. Nc3 g6 6. Be3 Bg7 7. f3 O-O 8. Qd2
Nc6 9. O-O-O Bd7 10. g4 Rc8 11. h4 h5 12. g5 Ne8 13. Kb1 Ne5 14. f4 Ng4 15. Bg1
Nc7 16. Bc4 b5 17. Bd3 b4 18. Nce2 d5 19. e5 a5 20. Nc1 Ne6 21. Ncb3 Qc7 22.
Nxe6 Bxe6 23. Nd4 Kh7 24. Nb5 Qb7 25. Nd4 Qd7 26. Bb5 Qb7 27. Qe2 Qc7 28. Ba6
Rb8 29. Bd3 Qd7 30. Bb5 Qc7 31. Bd3 1/2-1/2

[Event "U-2000 mot TR 2016"]
[Site "Reykjavik"]
[Date "2016.11.09"]
[Round "3"]
[White "Holm, Fridgeir K"]
[Black "Thorsson, Pall"]
[Result "1-0"]
[WhiteElo "1739"]
[BlackElo "1771"]
[PlyCount "155"]
[EventDate "2016.10.26"]
[EventType "swiss"]
[EventRounds "7"]
[EventCountry "ISL"]

1. e4 e5 2. Nf3 Nc6 3. Bc4 Nf6 4. O-O Bc5 5. c3 d6 6. d4 exd4 7. cxd4 Bb6 8.
Bg5 h6 9. Bh4 g5 10. Bg3 Bg4 11. Qb3 Qd7 12. d5 Na5 13. Qc3 O-O-O 14. Bd3 Bxf3
15. Qxf6 Bg4 16. b4 Qa4 17. Qc3 h5 18. h3 h4 19. Bh2 Bh5 20. Bc2 Qb5 21. Na3
Qd7 22. bxa5 Bc5 23. Nc4 g4 24. hxg4 Bxg4 25. Ne5 dxe5 26. Qxc5 Bf3 27. Bxe5
Rdg8 28. Bg3 hxg3 29. fxg3 Bxg2 30. Rf5 Rxg3 31. Kf2 b6 32. axb6 axb6 33. Qc6
Qxc6 34. dxc6 Rc3 35. Bb3 Bxe4 36. Rxf7 Rh2+ 37. Kg1 Rg2+ 38. Kf1 Bxc6 39. Rf6
Rh2 40. Rd1 Bb5+ 41. Kg1 Re2 42. Rf8+ Kb7 43. Bd5+ Bc6 44. Bxc6+ Kxc6 45. Rf6+
Kb5 46. Rb1+ Kc5 47. a4 Ra2 48. Rf4 Rac2 49. Rb5+ Kd6 50. Rg4 Rc5 51. Rbb4 Ra2
52. Rbd4+ Kc6 53. Rd1 Kb7 54. Re1 Ka6 55. Rb1 Rac2 56. Rbb4 Rd2 57. Rb1 Rcc2
58. Rg8 Rb2 59. Re1 Re2 60. Rd1 Rbd2 61. Rc1 c5 62. Ra8+ Kb7 63. Rg8 c4 64. Rf8
Rc2 65. Rb1 Rb2 66. Rc1 Rec2 67. Re1 Kc6 68. Rf5 Re2 69. Rc1 Rb4 70. a5 b5 71.
Kh1 Ra4 72. Rg1 Rxa5 73. Rg6+ Kd7 74. Rg1 Kd6 75. Rg6+ Re6 76. Rgg5 Kc6 77.
Rc5+ Kb6 78. Rc8 1-0

[Event "U-2000 mot TR 2016"]
[Site "Reykjavik"]
[Date "2016.11.09"]
[Round "3"]
[White "Aronsson, Gudmundur"]
[Black "Jonasson, Hordur"]
[Result "1-0"]
[WhiteElo "1767"]
[BlackElo "1532"]
[PlyCount "69"]
[EventDate "2016.10.26"]
[EventType "swiss"]
[EventRounds "7"]
[EventCountry "ISL"]

1. e4 c6 2. d4 d5 3. Nc3 dxe4 4. Nxe4 Bf5 5. Ng3 Bg6 6. f4 e6 7. Nf3 Nd7 8. Bd3
Bxd3 9. Qxd3 Qf6 10. Bd2 O-O-O 11. b4 Qg6 12. Qb3 Nb6 13. a4 Bd6 14. c4 Na8 15.
c5 Bc7 16. b5 Ne7 17. bxc6 Nxc6 18. Rb1 Kd7 19. O-O Qf6 20. f5 Nxd4 21. Qd3 Ke7
22. Bb4 Nc6 23. Qc4 Bxg3 24. hxg3 Qxf5 25. Bc3 Rd7 26. Qh4+ f6 27. Ne5 g5 28.
Qh5 Nxe5 29. Rxf5 exf5 30. Bxe5 fxe5 31. Qxg5+ Ke6 32. Qh6+ Kf7 33. Rf1 Ke8 34.
Qe6+ Kd8 35. Qf6+ 1-0

[Event "U-2000 mot TR 2016"]
[Site "Reykjavik"]
[Date "2016.11.09"]
[Round "3"]
[White "Sigurvaldason, Hjalmar"]
[Black "Larusson, Agnar Darri"]
[Result "0-1"]
[WhiteElo "1495"]
[BlackElo "1755"]
[PlyCount "120"]
[EventDate "2016.10.26"]
[EventType "swiss"]
[EventRounds "7"]
[EventCountry "ISL"]

1. d4 Nf6 2. c4 g6 3. Nc3 Bg7 4. Nf3 O-O 5. Bg5 d6 6. e3 Bf5 7. Be2 c5 8. Qb3
Qc8 9. Bxf6 Bxf6 10. Nd5 Nd7 11. Nxf6+ Nxf6 12. O-O Qc7 13. Nd2 e5 14. d5 e4
15. f3 Qe7 16. fxe4 Nxe4 17. Nxe4 Qxe4 18. Rac1 Rae8 19. Rc3 Re7 20. Re1 Qh4
21. Qd1 Rfe8 22. Bf3 g5 23. g3 Qh6 24. Bg4 Be4 25. Qd2 f5 26. Bd1 g4 27. Qf2
Qg6 28. Bc2 h5 29. Bxe4 Rxe4 30. Re2 R8e5 31. Kf1 h4 32. Ke1 h3 33. Kd2 b5 34.
b3 Qe8 35. Kc2 bxc4 36. bxc4 Qa4+ 37. Kb2 Rxc4 38. Rec2 Rxc3 39. Rxc3 Rxd5 40.
Rb3 Kg7 41. Qc2 Qe4 42. Qc3+ Qe5 43. Qxe5+ Rxe5 44. Kc2 Kf6 45. Kd3 Re7 46. Kc4
Ke5 47. Ra3 Rb7 48. Kc3 Ke4 49. Kc2 d5 50. Ra6 Kxe3 51. Re6+ Kd4 52. a4 c4 53.
a5 Rc7 54. a6 Kc5 55. Rf6 Rc6 56. Rxf5 Rxa6 57. Rg5 Ra2+ 58. Kc1 Rxh2 59. Rxg4
Rg2 60. Rg7 h2 0-1

[Event "U-2000 mot TR 2016"]
[Site "Reykjavik"]
[Date "2016.11.09"]
[Round "3"]
[White "Ulfsson, Olafur Evert"]
[Black "Thorarensen, Adalsteinn"]
[Result "1/2-1/2"]
[WhiteElo "1464"]
[BlackElo "1714"]
[PlyCount "92"]
[EventDate "2016.10.26"]
[EventType "swiss"]
[EventRounds "7"]
[EventCountry "ISL"]

1. d4 d5 2. c4 dxc4 3. e4 Nf6 4. Nc3 e6 5. Bxc4 a6 6. a3 c5 7. Nf3 b5 8. e5
Nfd7 9. Bb3 cxd4 10. Qxd4 Nc6 11. Qf4 Nc5 12. Bc2 Nd3+ 13. Bxd3 Qxd3 14. Ng5
Nd4 15. Qxf7+ Kd8 16. Bd2 Nc2+ 17. Kd1 Nxa1 18. Nxe6+ Bxe6 19. Qxe6 Qd7 20. Qa2
b4 21. axb4 Bxb4 22. Kc1 Qc6 23. f3 a5 24. Qxa1 Re8 25. Rd1 Ke7 26. Qa4 Rac8
27. Qxc6 Rxc6 28. Kb1 Ke6 29. Rc1 Rd8 30. Rc2 Rdc8 31. Rc1 a4 32. f4 a3 33. g3
Kf5 34. h3 h5 35. Ne2 Rxc1+ 36. Bxc1 axb2 37. Bxb2 Ke4 38. Nd4 h4 39. gxh4 Re8
40. f5 Be1 41. h5 Rb8 42. Kc2 Rxb2+ 43. Kxb2 Kxd4 44. f6 gxf6 45. exf6 Ke5 46.
f7 Bb4 1/2-1/2

[Event "U-2000 mot TR 2016"]
[Site "Reykjavik"]
[Date "2016.11.09"]
[Round "3"]
[White "Kristjansson, Halldor Atli"]
[Black "Thorsteinsson, Leifur"]
[Result "0-1"]
[WhiteElo "1412"]
[BlackElo "1541"]
[PlyCount "92"]
[EventDate "2016.10.26"]
[EventType "swiss"]
[EventRounds "7"]
[EventCountry "ISL"]

1. d4 d5 2. c4 c6 3. Nf3 Nf6 4. Nc3 e6 5. e3 Nbd7 6. cxd5 exd5 7. Bd3 Bd6 8.
O-O O-O 9. e4 dxe4 10. Nxe4 Nxe4 11. Bxe4 Nf6 12. Bc2 Bg4 13. Qd3 h6 14. b3 Qc7
15. h3 Bh5 16. Bb2 Bg6 17. Qd1 Bxc2 18. Qxc2 Rfe8 19. Rfe1 Nd5 20. a3 Bf4 21.
Re2 Rxe2 22. Qxe2 Qd7 23. Re1 Kf8 24. a4 Re8 25. Ba3+ Ne7 26. Bxe7+ Rxe7 27.
Qxe7+ Qxe7 28. Rxe7 Kxe7 29. Kf1 Ke6 30. Ke2 Kd5 31. Kd3 b5 32. Ne1 bxa4 33.
bxa4 c5 34. dxc5 Kxc5 35. Kc3 Be5+ 36. Kb3 Bc7 37. Nf3 Kd5 38. Kc3 Bb6 39. Nh4
Bxf2 40. Nf5 h5 41. Kd3 g5 42. Ne7+ Ke5 43. Nc6+ Kf4 44. Ke2 Bb6 45. Nb4 g4 46.
Kf1 gxh3 0-1

[Event "U-2000 mot TR 2016"]
[Site "Reykjavik"]
[Date "2016.11.09"]
[Round "3"]
[White "Magnusson, Thorsteinn"]
[Black "Kristbergsson, Bjorgvin"]
[Result "1-0"]
[WhiteElo "1379"]
[BlackElo "1081"]
[PlyCount "65"]
[EventDate "2016.10.26"]
[EventType "swiss"]
[EventRounds "7"]
[EventCountry "ISL"]

1. d4 c6 2. Bf4 d6 3. Nf3 h6 4. e4 g5 5. Bg3 Bg4 6. Be2 Qa5+ 7. c3 Qb6 8. Qc2
Na6 9. Nbd2 Qc7 10. e5 Qd7 11. exd6 Bf5 12. Qa4 f6 13. Bxa6 b5 14. Qd1 e6 15.
O-O Bxd6 16. Bxd6 Qxd6 17. Re1 Ne7 18. c4 O-O 19. cxb5 Qf4 20. bxc6 Nxc6 21.
Bb7 Rab8 22. Bxc6 Rxb2 23. d5 Bc2 24. Qc1 Rfb8 25. Rxe6 Rb1 26. Re8+ Rxe8 27.
Rxb1 Bxb1 28. Bxe8 Bxa2 29. Qc2 f5 30. Qc6 Qb4 31. Qg6+ Kh8 32. Ne5 Qf8 33.
Nf7+ 1-0

[Event "U-2000 mot TR 2016"]
[Site "Reykjavik"]
[Date "2016.11.09"]
[Round "3"]
[White "Thorsteinsdottir, Svava"]
[Black "Briem, Benedikt"]
[Result "1/2-1/2"]
[WhiteElo "1335"]
[BlackElo "1077"]
[PlyCount "119"]
[EventDate "2016.10.26"]
[EventType "swiss"]
[EventRounds "7"]
[EventCountry "ISL"]

1. d4 Nf6 2. c4 d5 3. Nc3 e6 4. Bg5 Be7 5. e3 c6 6. cxd5 cxd5 7. Bd3 Nc6 8.
Nge2 Qb6 9. Rb1 Bd7 10. O-O Nb4 11. f3 Nxd3 12. Qxd3 Rc8 13. Kh1 Qc6 14. Rbc1
Qb6 15. Rc2 h6 16. Bh4 O-O 17. e4 dxe4 18. fxe4 Qd8 19. Rf3 Bc6 20. Bxf6 Bxf6
21. Rg3 Qe7 22. e5 Bg5 23. Ne4 Bb5 24. Qd1 Rxc2 25. Qxc2 Bxe2 26. Qxe2 Qc7 27.
Nc3 Rb8 28. Qg4 g6 29. h4 Be7 30. Qf4 Bf8 31. Ne4 Rc8 32. Nf6+ Kh8 33. h5 Qc1+
34. Qxc1 Rxc1+ 35. Kh2 g5 36. Nd7 Bb4 37. Rb3 Rc7 38. Nc5 Bxc5 39. dxc5 Kg7 40.
Rc3 a5 41. b3 Kf8 42. a3 Ke7 43. b4 axb4 44. axb4 Kd8 45. b5 Ke7 46. Kg3 f6 47.
exf6+ Kxf6 48. Kf3 Ke5 49. c6 bxc6 50. Rxc6 Rxc6 51. bxc6 Kd6 52. Ke4 Kxc6 53.
Ke5 Kd7 54. Kf6 Kd6 55. Kg6 e5 56. Kxh6 e4 57. Kg6 e3 58. h6 e2 59. h7 e1=Q 60.
h8=Q 1/2-1/2

[Event "U-2000 mot TR 2016"]
[Site "Reykjavik"]
[Date "2016.11.09"]
[Round "3"]
[White "Moller, Tomas"]
[Black "Haile, Batel Goitom"]
[Result "0-1"]
[WhiteElo "1028"]
[BlackElo "1297"]
[PlyCount "116"]
[EventDate "2016.10.26"]
[EventType "swiss"]
[EventRounds "7"]
[EventCountry "ISL"]

1. e4 e5 2. Nf3 Nc6 3. Bb5 d6 4. O-O Bd7 5. c3 Nf6 6. d3 Be7 7. Re1 O-O 8. Nbd2
a6 9. Ba4 b5 10. Bc2 h6 11. Nf1 Bg4 12. h3 Bh5 13. Ng3 Bg6 14. a3 a5 15. a4 b4
16. Be3 d5 17. Bc1 dxe4 18. dxe4 Qxd1 19. Bxd1 Nh5 20. Nxh5 Bxh5 21. g4 Bg6 22.
Bc2 Rad8 23. Re2 h5 24. g5 f6 25. gxf6 Rxf6 26. Kg2 Rdf8 27. Nd2 Nd8 28. Nc4
Ra6 29. Nxe5 Bh7 30. Nc4 Bh4 31. f3 Rg6+ 32. Kh2 Rxf3 33. Ne5 Bg3+ 34. Kg2
Bxe5+ 35. Kxf3 Rg1 36. cxb4 Nc6 37. Be3 Rxa1 38. Bb3+ Kh8 39. b5 Nd4+ 40. Bxd4
Bxd4 41. Rd2 Bf6 42. Rd7 Rc1 43. Rf7 Bg6 44. Rf8+ Kh7 45. Ra8 Bxb2 46. Kf4 Bc3
47. Bg8+ Kh6 48. Bb3 Rf1+ 49. Ke3 Kg5 50. Rd8 Kh4 51. Rd3 Bb4 52. Kd4 Re1 53.
Bd5 Rh1 54. Be6 Bd6 55. e5 Bxd3 56. exd6 cxd6 57. Kxd3 Ra1 58. b6 Rb1 0-1

[Event "U-2000 mot TR 2016"]
[Site "Reykjavik"]
[Date "2016.11.09"]
[Round "3"]
[White "Jonsson, Kristjan Dagur"]
[Black "Gudmundsson, Gunnar Erik"]
[Result "1-0"]
[WhiteElo "1258"]
[BlackElo "1082"]
[PlyCount "83"]
[EventDate "2016.10.26"]
[EventType "swiss"]
[EventRounds "7"]
[EventCountry "ISL"]

1. e4 c5 2. Nf3 e6 3. d4 cxd4 4. Nxd4 Nc6 5. Nc3 Qc7 6. Be3 a6 7. Nxc6 Qxc6 8.
Bd3 Qc7 9. O-O Nf6 10. Qf3 Bd6 11. h3 O-O 12. Bd4 Be5 13. Bxe5 Qxe5 14. Rfe1
Qh5 15. Qf4 e5 16. Qg3 d6 17. Rad1 Ne8 18. Nd5 Be6 19. Ne7+ Kh8 20. a3 Rd8 21.
Be2 Qh6 22. h4 Nf6 23. Bf3 g6 24. Nd5 Nxd5 25. exd5 Bf5 26. c3 Rc8 27. Bg4 Bxg4
28. Qxg4 b5 29. g3 Rc4 30. Qd7 f5 31. Qxd6 Rg4 32. Qxe5+ Kg8 33. Qe6+ Kg7 34.
Qd7+ Kg8 35. Re8 Qxh4 36. Qe6+ Kg7 37. Qe7+ Qxe7 38. Rxe7+ Kg8 39. d6 Rc4 40.
d7 Rcc8 41. dxc8=Q Rxc8 42. Red7 1-0